MARC details
| 000 -LEADER |
| fixed length control field |
01268nam a22003137a 4500 |
| 001 - CONTROL NUMBER |
| control field |
24298 |
| 003 - CONTROL NUMBER IDENTIFIER |
| control field |
HDC |
| 005 - DATE AND TIME OF LATEST TRANSACTION |
| control field |
20240731182046.0 |
| 008 - FIXED-LENGTH DATA ELEMENTS--GENERAL INFORMATION |
| fixed length control field |
240731b |||||||| |||| 00| 0 eng d |
| 040 ## - CATALOGING SOURCE |
| Original cataloging agency |
HDC |
| Language of cataloging |
eng |
| 050 ## - LIBRARY OF CONGRESS CALL NUMBER |
| Classification number |
JART 003701 |
| 100 ## - MAIN ENTRY--PERSONAL NAME |
| Personal name |
Arief Budiono |
| Relator term |
author |
| 245 ## - TITLE STATEMENT |
| Title |
Health and Halal of Sea Products : |
| Remainder of title |
Legal Perspective Halal Product Assurance / |
| Statement of responsibility, etc. |
Arief Budiono, Dewi Iriani, Sofyan Wimbo Agung Pradnyawan, Ayesha Hendri ana Ngestiningrum, Abdullah al Mamun, Muhammad Amin Hanafi |
| 264 ## - PRODUCTION, PUBLICATION, DISTRIBUTION, MANUFACTURE, AND COPYRIGHT NOTICE |
| Place of production, publication, distribution, manufacture |
[No place] : |
| Name of producer, publisher, distributor, manufacturer |
Atlantis Press, |
| Date of production, publication, distribution, manufacture, or copyright notice |
2024 |
| 300 ## - PHYSICAL DESCRIPTION |
| Extent |
1 online resource, 8 pages |
| 336 ## - CONTENT TYPE |
| Source |
rdacontent |
| Content type term |
text |
| Content type code |
txt |
| 337 ## - MEDIA TYPE |
| Source |
rdamedia |
| Media type term |
unmediated |
| Media type code |
n |
| 338 ## - CARRIER TYPE |
| Source |
rdacarrier |
| Carrier type term |
volume |
| Carrier type code |
nc |
| 650 ## - SUBJECT ADDED ENTRY--TOPICAL TERM |
| Topical term or geographic name entry element |
Halal products |
| Geographic subdivision |
Indonesia |
| 650 ## - SUBJECT ADDED ENTRY--TOPICAL TERM |
| Topical term or geographic name entry element |
Halal food industry |
| 650 ## - SUBJECT ADDED ENTRY--TOPICAL TERM |
| Topical term or geographic name entry element |
Seafood |
| 700 ## - ADDED ENTRY--PERSONAL NAME |
| Personal name |
Dewi Iriani, |
| Relator term |
author |
| 700 ## - ADDED ENTRY--PERSONAL NAME |
| Personal name |
Sofyan Wimbo Agung Pradnyawan, |
| Relator term |
author |
| 700 ## - ADDED ENTRY--PERSONAL NAME |
| Personal name |
Ayesha Hendri ana Ngestiningrum, |
| Relator term |
author |
| 700 ## - ADDED ENTRY--PERSONAL NAME |
| Personal name |
Abdullah al Mamun, |
| Relator term |
author |
| 700 ## - ADDED ENTRY--PERSONAL NAME |
| Personal name |
Muhammad Amin Hanafi |
| Relator term |
author |
| 856 ## - ELECTRONIC LOCATION AND ACCESS |
| Public note |
Request full-text at [email protected] |
| 942 ## - ADDED ENTRY ELEMENTS (KOHA) |
| Source of classification or shelving scheme |
Library of Congress Classification |
| Koha item type |
Articles |
| Call number prefix |
JART 003701 |
| Suppress in OPAC |
No |